000 00332nam a2200121Ia 4500
005 20260328104325.0
008 260328s9999||||xx |||||||||||||| ||und||
100 _aBrunet, Martinell
245 0 _aCentro de Estudios Gaudinistas /
_cMartinell Brunet
260 _bCentro de Estudios Gaudinista
650 _aARQUITECTOS
942 _cBK
999 _c11489
_d11489